Представление документа в формате MARC21

Поле Инд. ПП Название Значение
Тип записи a
Библиографический уровень m
001 _ Контрольный номер RU\infra-m\znanium\bibl\1028553
005 _ Дата корректировки 20250915104145.3
008 Кодируемые данные 191004s2019 RU g rus u
020 a ISBN 978-5-238-01244-5
040 a Служба первич. каталог. Общество с ограниченной ответственностью «ЗНАНИУМ»
041 a Код языка текста rus
044 a Код страны публикации RU
080 a Индекс УДК 159
084 2 Источник индекса rubbk
a Индекс другой классификации/Индекс ББК 88
084 2 Источник индекса okso
a Индекс другой классификации/Индекс ББК 37.00.00
084 2 Источник индекса okso
a Индекс другой классификации/Индекс ББК 37.03.01
100 1_ a Автор Гуревич Павел Семенович
q Полное имя Павел Семенович
245 a Заглавие Психоанализ
b Продолж. заглавия Учеб. пособие для студентов вузов; Учебное пособие
c Ответственность Московский государственный университет им. М.В. Ломоносова, факультет психологии
250 a Основные сведения об издании 1
260 a Место издания Москва
b Издательство Издательство "ЮНИТИ-ДАНА"
c Дата издания 2017
300 a Объем 479 с.
520 a Аннотация Почему люди подвержены разным комплексам? Отчего невротические расстройства обусловлены культурой? Почему живое тело функционирует словно омертвевшее? Где вообще можно пройти курс психологической коррекции? На эти и другие вопросы такие как типы характеров психосексуальное развитие психологические особенности людей и способы их приспособления к миру архетипы коллективного мышления можно найти ответ в книге профессора П.С. Гуревича который рассказывает об опыте клинического психоанализа. Написанная ярко и образно книга поможет читателю добиться личностного роста избавиться от психических отклонений решить психосексуальные проблемы понять свой внутренний мир. Для студентов вузов и колледжей а также широкого круга читателей.
521 a Примеч. о целев. назн. ВО - Бакалавриат
650 a Основная рубрика Психология
x Основная подрубрика Глубинная психология. Психоанализ
852 x Примечание, не предназначенное для пользователя znanium2023
856 4_ a Имя сервера/домена znanium.com
m Помощь ebs_support@infra-m.ru
n Местонахождение сервера НИЦ ИНФРА-М
u URL https://znanium.com/catalog/document?id=340962
z Примечание для пользователя Участвует в КО
856 41 a Имя сервера/домена znanium.com
d Путь /cover/1028
f Электронное имя 1028553.jpg
q Тип электронного формата image/jpeg
u URL https://znanium.com/cover/1028/1028553.jpg